| 000 | 00488nam a22001817a 4500 | ||
|---|---|---|---|
| 003 | LK-CoDNM | ||
| 005 | 20250123130519.0 | ||
| 008 | 250123b |||||||| |||| 00| 0 eng d | ||
| 040 |
_aLK-CoDNM _dLK-CoDNM _eLK-CoDNM |
||
| 041 | _aeng | ||
| 080 |
_a13 _bD18 |
||
| 100 | _aCrampton,Henry Edward | ||
| 245 | _aThe doctrine of evolution its basis and its scope | ||
| 260 |
_aNew york _bColumbia University Press _c1916 |
||
| 300 | _avii, 320p ; 19 cm | ||
| 650 | _aPeople | ||
| 942 | _cBK | ||
| 999 |
_c237318 _d237318 |
||